00771nac a22002291u 4500010001600000035001900016082001800035090001500053100003400068245003200102260007700134300004100211500002900252500001400281500003800295504003100333650001700364650001500381942002000396999001500416952011000431 a 62053010 a(OCoLC)5925883 a338.19bC7711 c3633d3633 aCook, Robert C. 10aPopulation and food supply. a[New York?]bUnited Nations, Office of Public Information,[1962]c[1962] axiv, 49 p.bdiagrs., tables.c23 cm. a"Sales number: 62.I.22." aDonations aDonations-Bibliotheca Alexandrina aBibliographical footnotes. 0aFood supply. 0aPopulation cBBk338.19C7711 c3633d3633 00102ddc4070aMAINbMAINc1STd2007-05-03ePurchasel0o338.19 COOp000030115r2025-07-15 00:00:00yBB